000 00956nam a2200193 i 4500
999 _c22952
_d22952
003 AR-CdUCM
008 240801b20222022pe ||||| |||| 00| 0 que d
020 _a978-612-00-7831-0
040 _aMUNICIPALIDAD PROVINCIAL DEL CUSCO
_cBIBLIOTECA MUNICIPAL DEL CUSCO
041 _hspa
082 _a869.5 / S71V
_bS71V
100 _aSoto Gamarra, Isaac
_950106
245 _aEl Viejo Árbol y otros poemas urgentes /
260 _aLima :
_c2022.
_bGrafica Imprime Tus Ideas S.A.C.
300 _a60 páginas. :
_c14x20 cm.
505 _aMis huellas perdidas -- Mis canas ni vida -- Soy -- Poeta andino -- Viento -- Balcón -- Poema mamá
942 _2ddc
_cLIBROS
945 _apbjm
_d2024-08-01